Central Library OPAC University of Rajshahi

Comparative economic development / (Record no. 45201)

MARC details
000 -LEADER
fixed length control field 00748cam a22002411 4500
001 - CONTROL NUMBER
control field 45201
003 - CONTROL NUMBER IDENTIFIER
rucl marc code BD-RjUL
005 - DATE AND TIME OF LATEST TRANSACTION
control field 20211209053958.0
008 - FIXED-LENGTH DATA ELEMENTS--GENERAL INFORMATION
fixed length control field 160724s1956 nyua 000 0 eng
035 ## - SYSTEM CONTROL NUMBER
System control number (BD-RjUL)45319
System control number (OCoLC)172226
040 ## - CATALOGING SOURCE
Original cataloging agency DLC
Transcribing agency ODaWU
Modifying agency OCoLC
-- Uk
-- DLC
Language of cataloging eng
041 ## - LANGUAGE CODE
Language code of text/sound track or separate title eng
082 ## - DEWEY DECIMAL CLASSIFICATION NUMBER
Classification number 330.9
Author mark and year BLC 1956
100 1# - MAIN ENTRY--PERSONAL NAME
Personal name Blodgett, Ralph Hamilton,
Dates associated with a name 1905-
9 (RLIN) 138480
245 10 - TITLE STATEMENT
Title Comparative economic development /
Statement of responsibility, etc. [by] Ralph H. Blodgett [and] Donald L. Kemmerer.
260 ## - PUBLICATION, DISTRIBUTION, ETC. (IMPRINT)
Place of publication, distribution, etc. New York :
Name of publisher, distributor, etc. McGraw-Hill,
Date of publication, distribution, etc. 1956.
300 ## - PHYSICAL DESCRIPTION
Pagination 557 p. :
Illustrations ill. ;
Size 24 cm.
650 #0 - SUBJECT ADDED ENTRY--TOPICAL TERM
Topical term or geographic name as entry element Economic development.
9 (RLIN) 138481
700 1# - ADDED ENTRY--PERSONAL NAME
Personal name Kemmerer, Donald Lorenzo,
Relator term joint author.
942 ## - ADDED ENTRY ELEMENTS (KOHA)
Source of classification or shelving scheme Dewey Decimal Classification
Koha item type Books
Holdings
Lost status Source of classification or shelving scheme Damaged status Not for loan Collection code Permanent Location Current Location Shelving location Date acquired Source of acquisition Cost, normal purchase price Total Checkouts Full call number Date last seen Copy number Koha item type
  Dewey Decimal Classification     Non-fiction Central Library, University of Rajshahi Central Library, University of Rajshahi   23/08/1963 Mirza Book Agency 36.25   330.9 BLC 1956 24/07/2016 C-2 Books
  Dewey Decimal Classification     Non-fiction Central Library, University of Rajshahi Central Library, University of Rajshahi   28/01/1963 Zeitlinger 56.00   330.9 BLC 1956 28/07/2016 C-3 Books
  Dewey Decimal Classification     Non-fiction Central Library, University of Rajshahi Central Library, University of Rajshahi   28/01/1963 Zeithlinger 56.00   330.9 BLC 1956 30/07/2016 C-4 Books
  Dewey Decimal Classification     Non-fiction Central Library, University of Rajshahi Central Library, University of Rajshahi   28/01/1963 Zeithlinger 56.00   330.9 BLC 1956 30/07/2016 C-5 Books
  Dewey Decimal Classification     Non-fiction Central Library, University of Rajshahi Central Library, University of Rajshahi   28/01/1963 Zeithlinger 56.00   330.9 BLC 1956 30/07/2016 C-6 Books